000 003290000a22001450004500
003 MACL
040 _aMACL
090 _c8349
_d8348
100 _aPandey, Sushma
245 _aPsychological Consequences Of child Abuse
260 _bConcept Publishing Company
_c2007
350 _a500
650 _aPsychology
942 _cBOOK
_k150
999 _c8298
_d8298